000 00785nam a2200265Ia 4500
001 Para_5363
003 CHAP
008 220125s1933 xx 000 0 und d
010 _a203879
040 _cCHAP
090 _aPA FOLLETO 2704
100 _aSmith , Floyd F
_9107004
245 _aThe cyclamen mite and the broad mite and their control /
_c by Floyd F. Smith
260 _aWashington :
_b Department of Agriculture
300 _a14 p.
440 _aEUA. Dep. of Agri. Circular; 301
_9169839
650 _aTarsonemus pallidus Tarsonemus latus Control de plagas
_9169840
901 _aPA FOLLETO 2704
902 _aA
905 _a0000001933 WAS 0000000000 00
910 _a1933
942 _cPARA
942 _cPARA
_d1
999 _c203879
_d203879